UM Logo
Normal view MARC view
  • Justice

Entry Topical Term

Number of records used in: 1

001 - CONTROL NUMBER

  • control field: 45313

003 - CONTROL NUMBER IDENTIFIER

  • control field: OSt

005 - DATE AND TIME OF LATEST TRANSACTION

  • control field: 20220531170304.0

008 - FIXED-LENGTH DATA ELEMENTS

  • fixed length control field: 220531|| aca||aabn | a|a d

040 ## - CATALOGING SOURCE

  • Original cataloging agency: OSt
  • Transcribing agency: OSt

150 ## - HEADING--TOPICAL TERM

  • Topical term or geographic name entry element: Justice
  • General subdivision: Crime.

670 ## - SOURCE DATA FOUND

  • Source citation: Work cat.: (OSt): Sorensen, Juliet S. 45312, Restoration justice for victims of war crimes/, ©2010.